000 01068nam0a22002891 4500
001 rc\507579
005 20250621112309.0
010 _a5-7260-0189-3
_9100000
035 _a(NLR Aleph) 005747982
090 _a4809267
_c4809267
100 _a20030616d1988 |||y0rusy50 ca
101 0 _arus
102 _aRU
105 _ay |||||||||
200 1 _aГражданский кодекс РСФСР
205 _a2-е изд., с изм. и доп.
210 _aМ.
_cЮрид. лит.
_d1988
215 _a382, [1] с.
_d17
423 0 _12001#$aКодекс о браке и семье РСФСР
_tКодекс о браке и семье РСФСР
423 0 _12001#$aЖилищный кодекс РСФСР$fМ-во юстиции РСФСР
_tЖилищный кодекс РСФСР
740 1 _aРСФСР
_iГражданский кодекс
_tЗаконы и постановления
_9761805
_3RU\NLR\AUTH\880548245
801 0 _aRU
_bNLR
_gpsbo
801 1 _aRU
_bELAR
_2rusmarc
852 _aNLR
_j89-2/78
942 _cBOOK
980 _aNB